|
|
|
|
| LEADER |
00000nas a2200000 i 4500 |
| 001 |
ssj0001916364 |
| 003 |
WaSeSS |
| 005 |
20200512172242.0 |
| 006 |
m d |
| 007 |
cr n |
| 008 |
161011c20139999pl ar os 0 0eng c |
| 010 |
|
|
|a 2010263014
|
| 022 |
|
|
|a 2353-5423
|l 2353-5423
|
| 035 |
|
|
|a (WaSeSS)ssj0001916364
|
| 037 |
|
|
|b Faculty of Geoengineering, Mining and Geology, Wroclaw University of Technology, Na Grobli 15, 50-421 Wrocław, Poland
|
| 040 |
|
|
|a VT2
|b eng
|c VT2
|d CUS
|d OCLCF
|d S4S
|d TXA
|d OCL
|d WaSeSS
|
| 041 |
|
|
|a eng
|a pol
|
| 042 |
|
|
|a pcc
|
| 050 |
1 |
4 |
|a TN260
|b .G65
|
| 130 |
0 |
|
|a Mining science (Wrocław, Poland)
|
| 210 |
0 |
|
|a Min. Sci.
|b (Wroc., Online)
|
| 222 |
|
0 |
|a Mining Science
|b (Wroclaw. Online)
|
| 245 |
1 |
0 |
|a Mining science
|h [electronic resource].
|
| 260 |
|
|
|a Wrocław :
|b Department of Geoengineering, Mining and Geology, Wrocław University of Technology,
|c [2013]-
|
| 310 |
|
|
|a Annual
|
| 362 |
1 |
|
|a Began with: Vol. 20 (2013).
|
| 506 |
|
|
|a License restrictions may limit access.
|
| 546 |
|
|
|a In English and Polish.
|
| 588 |
|
|
|a Description based on: Vol. 20 (2013); title from PDF article header (pwr site, viewed November 2, 2017).
|
| 588 |
|
|
|a Latest issue consulted: Vol. 24 (2017) (pwr site, viewed November 2, 2017).
|
| 650 |
|
0 |
|a Mining geology
|v Periodicals.
|
| 650 |
|
0 |
|a Mining engineering
|v Periodicals.
|
| 650 |
|
7 |
|a Mining engineering.
|2 fast
|0 (OCoLC)fst01022890
|
| 650 |
|
7 |
|a Mining geology.
|2 fast
|0 (OCoLC)fst01022926
|
| 655 |
|
0 |
|a Electronic journals.
|
| 710 |
2 |
|
|a Politechnika Wrocławska.
|b Wydział Geoinżynierii, Górnictwa i Geologii.
|
| 776 |
0 |
8 |
|i Print version:
|t Mining science (Wrocław, Poland)
|x 2353-5423
|
| 780 |
0 |
0 |
|t Górnictwo i geologia
|
| 856 |
4 |
0 |
|z Full text available from Research Library: 01/01/2006 to present
|u https://search.proquest.com/publication/2048956
|